000 00489nam a22001817a 4500
003 OSt
005 20140310182208.0
008 130905t xxu||||| |||| 00| 0 eng d
020 _a9813029919
050 _aGR 335.4
_b.H874 1996
082 _aHS 305.4
_bH86 1996
245 _aHua Mulan :
_bChina's sweetest magnolia /
260 _aSingapore :
_bAsiapac,
_cc1996.
300 _a122 p. :
_bill. ;
_c21 cm.
650 _aWomen in China.
_916563
942 _2lcc
_cHS
999 _c10376
_d10376